[Event "40th Plunge Open-A 2020"]
[Site "Plunge"]
[Date "2020.07.17"]
[Round "7.4"]
[White "Indriunas, Matas"]
[Black "Butvilas, Aistis"]
[Result "1/2-1/2"]
[WhiteElo "2199"]
[BlackElo "2103"]
[Annotator "TA"]
[PlyCount "60"]
[EventDate "2020.07.13"]
[EventType "swiss"]
[EventCountry "LTU"]
[SourceTitle "playchess.com"]
[Source "ChessBase"]
[SourceQuality "1"]

{[%evp 11,60,24,33,33,33,33,31,37,27,27,29,28,33,29,41,28,48,53,50,42,61,66,79,43,47,36,59,54,66,51,70,54,58,39,50,20,36,0,0,0,0,0,0,0,0,-40,0,0,0,0,0]} 1. e4 c5 2. Nf3 e6 3. d4 cxd4 4. Nxd4 Nf6 5. Nc3 Nc6 6. Ndb5 Bc5 7. Nd6+ {B45: Sicilian Four Knights.} Ke7 8. Bf4 e5 9. Nf5+ {White is slightly better.} Kf8 10. Bg5 d6 11. Ne3 h6 12. Bxf6 Qxf6 13. Ncd5 Qd8 14. c3 {[#]} a5 $146 ({Predecessor:} 14... Be6 15. b4 Bxe3 16. Nxe3 Qc7 17. Be2 g6 18. O-O Kg7 19. Bg4 Rhd8 20. Bxe6 fxe6 {½-½ (94) Schroeder,J (2571)-Vocaturo,D (2630) Germany 2018}) 15. a3 a4 16. Bb5 Qa5 17. Bc4 Be6 18. O-O Kg8 19. Qh5 Qd8 20. Rad1 g6 21. Qf3 Kg7 22. Bd3 Rf8 23. g3 Nb8 24. Rd2 Nd7 25. h4 Nf6 26. Nxf6 Qxf6 27. Qe2 Qe7 28. Qf3 Qf6 29. Qe2 Qe7 30. Qf3 Qf6 {Accuracy: White = 80%, Black = 95%.} 1/2-1/2

[Event "40th Plunge Open-A 2020"]
[Site "Plunge"]
[Date "2020.07.17"]
[Round "7.5"]
[White "Stremavicius, Pijus"]
[Black "Zilinskas, Vaidotas"]
[Result "1-0"]
[WhiteElo "2163"]
[BlackElo "1976"]
[Annotator "TA"]
[PlyCount "59"]
[EventDate "2020.07.13"]
[EventType "swiss"]
[EventCountry "LTU"]
[SourceTitle "playchess.com"]
[Source "ChessBase"]
[SourceQuality "1"]

{[%evp 13,59,60,70,69,75,62,89,77,125,112,133,107,109,90,96,110,118,100,149,107,115,112,117,115,133,134,172,151,149,153,272,170,341,294,287,214,249,258,630,620,749,680,882,698,1218,1193,1555,1562]} 1. d4 c6 2. c4 d6 3. Nc3 Qc7 4. e4 e5 5. Nf3 Nf6 6. Be2 Be7 7. O-O O-O 8. h3 {A53: Old Indian Defence without Nf3.} a6 {[#]} 9. d5 $146 ({Predecessor:} 9. Be3 b5 10. cxb5 axb5 11. Qb3 exd4 12. Nxd4 Na6 13. a3 Nc5 14. Qc2 Qb7 15. f4 Bd7 {½-½ (61) Mustafayev,F (2068)-Vakhania,A (2182) Poti 2018}) 9... Ne8 10. Be3 {White is better.} f5 11. exf5 Bxf5 12. Bd3 Nd7 13. Bxf5 Rxf5 14. Qd3 g6 15. Nd2 Ng7 16. Nde4 {And now c5! would win.} c5 17. a3 {[%cal Ba2a3,Ba3a4][%mdl 32]} Rc8 18. Rab1 Rff8 19. g4 Nf6 20. b4 b6 21. a4 h5 (21... cxb4 $16 {keeps fighting.} 22. Rxb4 Nd7) 22. f3 Qd7 $2 (22... Nxe4 {is a better defense.} 23. Nxe4 Rb8) 23. Nxf6+ Rxf6 24. Ne4 Rff8 25. a5 {[%mdl 64] [#] Overworked Piece} bxa5 $2 (25... cxb4 26. Bxb6 (26. axb6 a5 $18) 26... Rf4 27. Rxb4 Rcf8) 26. bxc5 $18 {[%cal Bb4c5,Bc5c6][%mdl 32] White is clearly winning.} hxg4 27. c6 Qe8 28. hxg4 Nf5 29. gxf5 gxf5 30. Kf2 {Accuracy: White = 78%, Black = 26%.} 1-0

[Event "40th Plunge Open-A 2020"]
[Site "Plunge"]
[Date "2020.07.17"]
[Round "7.6"]
[White "Simkunaite, Gabija"]
[Black "Laurusas, Tomas"]
[Result "0-1"]
[WhiteElo "1871"]
[BlackElo "2511"]
[Annotator "TA"]
[PlyCount "82"]
[EventDate "2020.07.13"]
[EventType "swiss"]
[EventCountry "LTU"]
[SourceTitle "playchess.com"]
[Source "ChessBase"]
[SourceQuality "1"]

{[%evp 11,82,22,29,18,41,22,31,8,21,18,46,20,24,14,30,35,57,55,54,58,62,41,44,29,23,23,30,27,39,44,40,18,114,105,105,12,24,15,114,123,110,110,106,84,82,81,99,18,18,31,54,37,36,0,89,93,20,30,14,-23,-23,-53,-93,-604,-604,-851,-811,-1533,-1395,-1887,-1678,-6183,-5247]} 1. e4 Nf6 2. e5 Nd5 3. d4 d6 4. c4 Nb6 5. exd6 exd6 6. Be3 Be7 7. Nf3 {B03: Alekhine's Defence: Four Pawns Attack.} Bg4 8. Be2 O-O 9. Nbd2 {White is slightly better.} Re8 10. O-O a5 11. Qc2 Nc6 12. a3 {[#]} a4 $146 ({Predecessor:} 12... d5 13. c5 Nc8 14. Bd3 g6 15. h3 Be6 16. Qc3 Bf6 17. b4 axb4 18. axb4 Rxa1 19. Rxa1 {1-0 (27) Schumi,M (2217)-Ponjican,E (2131) Austria 2003}) 13. Bd3 {Black must now prevent d5.} h6 14. h3 Bxf3 15. Nxf3 Na5 16. d5 Nb3 17. Rae1 Bf6 18. Re2 Nd7 19. Rfe1 $36 {[%mdl 2048] White is more active.} Ndc5 20. Bf5 Re7 21. h4 g6 {[#]} (21... Qf8 $11 {remains equal.}) 22. Bxg6 $1 {[%mdl 512]} fxg6 23. Qxg6+ (23. Bxh6 $16 {White threatens Rxe7 and mate.} Rg7 24. Bxg7 Kxg7 25. h5 $1 {[%mdl 576] Deflection} gxh5 26. Qf5) 23... Rg7 $11 24. Qf5 {[#]} Qf8 (24... Be5 $1 $11) 25. Bxh6 $16 Nd4 26. Nxd4 Bxd4 27. Qxf8+ Rxf8 28. Bxg7 Kxg7 {[#]} 29. Rd1 ({White should try} 29. g3 $1 $16) 29... Be5 $11 30. g3 Rf3 $1 31. Kg2 Rb3 32. Rdd2 (32. f4 $5 {[%cal Rf4e5]} Bxb2 33. h5 $11) 32... Nd3 (32... Kg6 $11) 33. f4 $16 Bf6 {[%cal Rd3b2]} 34. h5 Nxb2 35. g4 {Threatens to win with g5.} Nxc4 36. g5 Nxd2 37. Rxd2 $2 {[%mdl 8192] Now White is beyond hope.} (37. gxf6+ $17 Kxf6 38. Rxd2) 37... Bc3 $19 {Black is clearly winning.} 38. Rd1 Rxa3 39. f5 Be5 40. h6+ Kh7 41. Rh1 Rg3+ {[%mdl 64] Double Attack. Accuracy: White = 58%, Black = 78%.} 0-1

[Event "40th Plunge Open-A 2020"]
[Site "Plunge"]
[Date "2020.07.17"]
[Round "7.7"]
[White "Povilaitis, Tomas"]
[Black "Brazdzionis, Andrius"]
[Result "0-1"]
[WhiteElo "1832"]
[BlackElo "2342"]
[Annotator "TA"]
[PlyCount "86"]
[EventDate "2020.07.13"]
[EventType "swiss"]
[EventCountry "LTU"]
[SourceTitle "playchess.com"]
[Source "ChessBase"]
[SourceQuality "1"]

{[%evp 12,86,19,20,27,18,23,17,40,12,20,2,0,-40,-32,-40,-39,-36,-36,-43,-28,-39,-16,-39,-53,-42,-35,-22,-18,-18,-27,-67,-55,-49,0,-37,-39,-65,-48,-56,-49,-145,-11,-45,-37,-35,0,0,0,0,0,0,0,0,0,-109,-112,-105,-105,-125,-66,-138,-105,-170,-170,-170,-170,-201,-170,-258,-258,-6311,-6287,-29975,-29975,-29975,-29976]} 1. e4 c5 2. Nf3 d6 3. d4 cxd4 4. Nxd4 Nf6 5. Nc3 a6 6. g3 e5 7. Nde2 h5 {B91: Sicilian Najdorf: 6 g3.} 8. Bg5 Be7 9. Bg2 Be6 {[#] The position is equal.} 10. h4 $146 ({Predecessor:} 10. Qd2 Nbd7 11. a4 Rc8 12. O-O Ng4 13. Bxe7 Qxe7 14. h3 Ngf6 15. Rad1 Rc6 16. b3 {½-½ (41) Quesada Perez,Y (2636)-Adly,A (2603) Baku 2016}) 10... Nbd7 11. O-O b5 {[%cal Bb7b5,Bb5b4][%mdl 32]} 12. a4 b4 13. Nd5 Nxd5 14. exd5 Bg4 15. Bxe7 Qxe7 16. Qd2 O-O 17. Rfe1 Bxe2 18. Qxe2 g6 19. a5 Nc5 20. f4 {[%cal Rf4e5]} Qa7 {White must now prevent ...Nd3+.} 21. Kh2 exf4 22. gxf4 f5 23. Bf3 Rae8 24. Qxe8 Rxe8 25. Rxe8+ Kf7 $1 {[%cal Rf7e8]} 26. Re2 {[#]} (26. Re3 $1 $15) 26... Ne4 (26... b3 $1 $17 {And now ...bxc2 would win.} 27. Rc1 bxc2 28. Rcxc2 Qb8) 27. Bxe4 $11 fxe4 {[%mdl 4096] Endgame KQ-KRR} 28. Rae1 Qd4 29. Rxe4 Qxd5 30. R1e2 Qxa5 31. Re7+ Kf6 {Strongly threatening ...Qf5.} 32. R2e6+ {[%mdl 64] [#] Double Attack} Kf5 33. Kg3 (33. Rxd6 $11 {remains equal.} Kg4 34. Rxg6+ Kxh4 35. Rg2) 33... Qd5 $17 34. Re2 Qc4 35. Rf2 Kf6 ({Black should play} 35... b3 $17 36. Ree2 bxc2 37. Rxc2 Qe4) 36. Ree2 (36. Re3 $15) 36... Qc8 37. Kh2 (37. f5 $17) 37... Qg4 $19 38. Re4 Qxh4+ 39. Kg1 Qg4+ 40. Kf1 (40. Kh2 {was called for.}) 40... Qd1+ 41. Kg2 $2 (41. Re1 Qd5 42. b3) 41... Qd5 42. Rfe2 Kf5 43. Kf3 a5 {Accuracy: White = 46%, Black = 83%.} 0-1

[Event "40th Plunge Open-A 2020"]
[Site "Plunge"]
[Date "2020.07.17"]
[Round "7.8"]
[White "Bagdanskis, Dangis"]
[Black "Paulauskas, Andrius"]
[Result "1/2-1/2"]
[WhiteElo "1916"]
[BlackElo "1904"]
[Annotator "TA"]
[PlyCount "50"]
[EventDate "2020.07.13"]
[EventType "swiss"]
[EventCountry "LTU"]
[SourceTitle "playchess.com"]
[Source "ChessBase"]
[SourceQuality "1"]

{[%evp 10,50,16,16,22,22,58,54,54,-2,5,-5,39,-10,-9,-4,-9,-10,0,-13,-8,-3,16,-27,-6,-12,56,41,60,-3,8,-1,42,8,10,0,-1,0,0,0,12,12,14]} 1. d4 Nf6 2. Nf3 g6 3. Bg5 Bg7 4. Nbd2 h6 5. Bh4 d6 6. c3 c6 {A48: 1 d4 Nf6 2 Nf3 g6: Torre, London and Colle Systems.} 7. e4 {[#]} Be6 $146 ({Predecessor:} 7... O-O 8. h3 Nh5 9. g4 Nf4 10. Bg3 Ne6 11. Bd3 Nd7 12. Nh4 c5 13. d5 Nc7 14. f4 b5 15. a4 c4 {1-0 (58) Zhukov,M (2000)-Mikaelyan,A (2479) St Petersburg 2019}) 8. Bd3 Nh5 {White is slightly better.} 9. Bg3 (9. O-O $14) 9... Nxg3 10. hxg3 Bg4 11. Qc2 e5 12. dxe5 dxe5 13. Nc4 Qe7 14. Ne3 Be6 15. Bc4 $36 {[%mdl 2048] Black is under pressure.} Nd7 16. Nd2 Bxc4 17. Ndxc4 b5 ({Better is} 17... Nf6 $11) 18. Na5 $14 Rc8 19. Rd1 (19. a4 $1 $14) 19... O-O 20. O-O Rfd8 21. Nb7 Rf8 {The position is equal.} 22. b4 Rc7 23. Nd6 Rd8 {Threatens to win with ...Nf6.} 24. c4 Nf8 25. c5 Ne6 {Accuracy: White = 65%, Black = 73%.} 1/2-1/2

[Event "40th Plunge Open-A 2020"]
[Site "Plunge"]
[Date "2020.07.17"]
[Round "7.9"]
[White "Koliasnikovas, Aironas"]
[Black "Martinkus, Rolandas"]
[Result "0-1"]
[WhiteElo "1879"]
[BlackElo "2117"]
[Annotator "TA"]
[PlyCount "101"]
[EventDate "2020.07.13"]
[EventType "swiss"]
[EventCountry "LTU"]
[SourceTitle "playchess.com"]
[Source "ChessBase"]
[SourceQuality "1"]

{[%evp 11,101,72,68,71,84,26,45,18,25,25,61,0,0,2,0,0,3,0,41,-25,-31,-39,0,-21,-9,-53,-42,-59,-43,-46,-46,-45,0,-10,-3,-50,-42,-49,-33,-122,-74,-273,-48,-42,-20,-62,-53,-66,-59,-131,-123,-122,-126,-112,-120,-133,-143,-161,-171,-181,-162,-180,-161,-231,-235,-341,-330,-352,-352,-352,-291,-461,-458,-445,-438,-841,-836,-733,-679,-1381,-1374,-29965,-29967,-12543,-12543,-29981,-29982,-29985,-29986,-29985,-29985,-29985]} 1. d4 Nf6 2. c4 c5 3. d5 e6 4. Nc3 exd5 5. cxd5 Bd6 6. e4 O-O 7. Bd3 {A60: Modern Benoni: Early Divergences.} Re8 8. Nge2 (8. Nf3 $16) 8... c4 {[#]} 9. Bb1 $146 {White is slightly better.} ({Predecessor:} 9. Bc2 Bc5 10. O-O a6 11. a4 d6 12. h3 Nbd7 13. Nd4 Ne5 14. Kh1 Bd7 15. Be3 {0-1 (28) Tarasova,V (2298)-Ponkratov,P (2592) St Petersburg 2010}) 9... Na6 10. O-O Nc5 {[%cal Rc5e4]} 11. Qd4 (11. Nd4 $14) 11... b6 $11 12. Bf4 Bxf4 13. Nxf4 d6 14. f3 Nfd7 15. Re1 ({White should play} 15. Nh5 $14 f6 16. Bc2) 15... Ne5 16. Nfe2 a6 17. Bc2 b5 {[%cal Bb6b5,Bb5b4,Bb4b3][%mdl 32]} 18. Rab1 b4 {Threatens to win with ...Bd7.} 19. Na4 b3 $1 {[%cal Rb3c2]} 20. axb3 cxb3 21. Bd1 Ned3 22. Rf1 f5 {[%cal Rf5e4]} 23. Nxc5 Nxc5 24. Ng3 a5 25. Rc1 ({Much weaker is} 25. exf5 Ba6 $17) ({Better is} 25. Be2 $15) 25... Rb8 26. exf5 $2 {[#]} (26. Be2 $17 {was called for.}) 26... Rb4 $2 (26... Ba6 $1 $19 {Hoping for ...Rb4.} 27. Ra1 Rb4) 27. Qd2 $1 $15 Qf6 {...Ba6 is the strong threat.} 28. Ra1 Qd4+ 29. Qxd4 Rxd4 30. Rxa5 {[#] Black keeps a firm grip on the game.} (30. Be2 $15) 30... Ba6 $1 $36 {[%cal Ra6f1][%mdl 2048] Black is really pushing.} 31. Rxa6 Nxa6 32. Bxb3 Rb8 33. Bc2 Rxb2 34. Rf2 Rxd5 35. Ne4 Nc5 36. h3 Rd4 37. f6 (37. g4 $142) 37... Nxe4 $19 38. Bxe4 {[%mdl 4096] Endgame KRR-KRB} (38. fxe4 $142 Rc4 39. Bd3 Rc1+ 40. Rf1) 38... Rd1+ 39. Rf1 Rxf1+ 40. Kxf1 gxf6 {KR-KB} 41. Kg1 (41. h4 {was necessary.}) 41... h6 42. Kh2 Kf7 43. Kg3 (43. Bd5+ $142 Ke7 44. Kg3) 43... Ke6 44. f4 d5 45. Bf3 d4 46. Kh4 d3 47. Kh5 Rf2 48. f5+ Kxf5 {Black mates.} 49. g4+ Ke5 50. Bd1 d2 51. Kxh6 {Accuracy: White = 48%, Black = 80%.} 0-1

[Event "40th Plunge Open-A 2020"]
[Site "Plunge"]
[Date "2020.07.17"]
[Round "7.10"]
[White "Greicius, Pijus"]
[Black "Eigminas, Kipras"]
[Result "1-0"]
[WhiteElo "1893"]
[BlackElo "2116"]
[Annotator "TA"]
[PlyCount "50"]
[EventDate "2020.07.13"]
[EventType "swiss"]
[EventCountry "LTU"]
[SourceTitle "playchess.com"]
[Source "ChessBase"]
[SourceQuality "1"]

{[%evp 9,50,23,40,-12,-9,-10,-9,-6,-8,3,19,-1,23,20,20,0,74,57,78,102,90,83,149,166,169,159,235,232,357,364,397,358,366,287,314,324,490,495,985,985,1185,985,2483]} 1. b3 d6 2. Bb2 Nd7 3. e3 Ngf6 4. Nf3 g6 5. c4 Bg7 {[#]} 6. Bd3 $146 {A01: Nimzowitsch-Larsen Opening.} (6. d4 $14) ({Predecessor:} 6. d4 e5 7. dxe5 Ng4 8. Nc3 Ngxe5 9. Nd4 Nc5 10. Be2 h5 11. b4 Ne6 12. Qa4+ Qd7 13. Nxe6 fxe6 14. Qxd7+ Bxd7 15. b5 O-O-O 16. Na4 Rhg8 17. O-O {½-½ (17) Cano Sevila,I (1967)-Jimenez Ruano,A (2287) Barcelona 2019}) 6... e5 $11 7. Bc2 c6 8. d4 {[%cal Rd4e5] The position is equal.} e4 9. Nfd2 d5 10. Ba3 Bf8 11. Bxf8 Kxf8 12. f3 {[%cal Rf3e4]} exf3 (12... Kg7 $1 $11 {keeps the balance.}) 13. Qxf3 $16 Qe7 14. O-O Kg7 {[#]} 15. Nc3 $1 Re8 {[#]} (15... Rf8 $142) 16. Rae1 $1 {[%cal Ba1e1,Be1e4,Be4f4][%mdl 32]} ({Inferior is} 16. cxd5 Qxe3+ 17. Qxe3 Rxe3 $11) 16... Qd6 17. c5 Qe7 (17... Qf8 $16) 18. e4 $18 dxe4 (18... a5 $142 19. Qf2 (19. exd5 Qxe1 20. Rxe1 Rxe1+ 21. Kf2 Rc1 $14) 19... Qf8) 19. Ndxe4 Nxe4 20. Rxe4 ({Weaker is} 20. Bxe4 Qf6 $16) 20... Qf8 21. Rf4 {[%cal Rf4f7]} Re7 22. b4 a6 (22... a5 $142 23. b5 f5 24. Bxf5 (24. bxc6 bxc6 25. Qxc6 Ba6 $16) 24... gxf5) 23. g4 {White is clearly winning.} Qe8 (23... a5 $142 24. b5 a4) 24. Ne4 f6 25. Nd6 Qd8 {Accuracy: White = 94%, Black = 40%.} 1-0

[Event "40th Plunge Open-A 2020"]
[Site "Plunge"]
[Date "2020.07.18"]
[Round "8.1"]
[White "Pultinevicius, Paulius"]
[Black "Stremavicius, Pijus"]
[Result "1-0"]
[WhiteElo "2512"]
[BlackElo "2163"]
[Annotator "TA"]
[PlyCount "81"]
[EventDate "2020.07.13"]
[EventType "swiss"]
[EventCountry "LTU"]
[SourceTitle "playchess.com"]
[Source "ChessBase"]
[SourceQuality "1"]

{[%evp 9,81,0,0,-18,20,10,33,31,33,0,0,0,66,60,51,40,39,41,77,-26,-21,-28,-24,-17,50,-12,165,72,90,83,74,79,65,63,60,62,102,90,92,97,97,97,175,180,262,262,283,274,257,263,239,233,310,311,442,396,465,433,520,538,598,591,559,610,1594,1618,1614,1544,2541,1595,29980,29981,29983,29982]} 1. Nf3 d5 2. c4 d4 3. b4 f6 4. e3 e5 5. c5 a5 6. Qa4+ {A09: Réti Opening: 1 Nf3 d5 2 c4.} c6 7. Bc4 Bg4 {[#]} 8. Bb2 $146 {[%cal Re3d4] White is slightly better.} ({Predecessor:} 8. b5 Bxc5 9. Bb2 Bxf3 10. gxf3 Ne7 11. Na3 Nd7 12. Qc2 Qc7 13. Rc1 Qd6 14. Nb1 {0-1 (55) Frumson,Y (2179)-Van Riemsdijk,H (2339) Katerini 2014}) 8... Nh6 9. exd4 Bxf3 $1 10. gxf3 Nd7 (10... exd4 $11 11. O-O Nd7) 11. b5 $14 Qc7 12. bxc6 bxc6 13. dxe5 Nxe5 14. f4 (14. d4 $16 Rb8 15. Bc3 Nxf3+ 16. Kf1) 14... Nxc4 $11 15. Qxc4 Qf7 16. Qe4+ Qe7 ({Black should play} 16... Kd7 $1 $11 17. O-O Qg6+ 18. Qxg6 hxg6) 17. f3 (17. Nc3 $14) 17... f5 $2 (17... Kf7 $11 {and Black stays safe.}) 18. Qe3 (18. Qxe7+ $18 {and White stays clearly on top.} Kxe7 19. d4) 18... Kf7 19. Be5 Qxc5 {Strongly threatening ...Qc1+.} 20. Qb3+ Qd5 21. Qxd5+ cxd5 22. Nc3 Rd8 {Black is now going downhill.} 23. Nb5 Ng8 24. Rc1 Nf6 25. Nd4 Rd7 (25... Ba3 $16 {might work better.} 26. Rc7+ Rd7) 26. Nxf5 $18 g6 (26... Rg8 $142 27. Rc6 d4) 27. Rc6 gxf5 28. Rxf6+ {[%mdl 64] [#] Double Attack} Ke8 29. Rxf5 Rg8 30. Rg5 Rxg5 31. fxg5 {[%mdl 4096] Endgame KRB-KRB} Be7 (31... Bg7 {was necessary.}) 32. f4 Kf7 33. h4 Ke6 34. Ke2 Kf5 35. Kf3 Rb7 36. Rc1 a4 37. Rc7 Rxc7 38. Bxc7 Bc5 39. Be5 Bb6 40. h5 Bc5 {[#]} 41. g6 $1 {[%mdl 64] Promotion. Accuracy: White = 81%, Black = 39%.} 1-0

[Event "40th Plunge Open-A 2020"]
[Site "Plunge"]
[Date "2020.07.18"]
[Round "8.2"]
[White "Sakalauskas, Vaidas"]
[Black "Juksta, Karolis"]
[Result "1/2-1/2"]
[WhiteElo "2335"]
[BlackElo "2366"]
[Annotator "TA"]
[PlyCount "98"]
[EventDate "2020.07.13"]
[EventType "swiss"]
[EventCountry "LTU"]
[SourceTitle "playchess.com"]
[Source "ChessBase"]
[SourceQuality "1"]

{[%evp 18,98,35,26,28,17,35,20,45,43,46,52,42,34,79,51,65,43,103,86,100,90,120,126,135,133,186,154,204,0,200,183,188,180,185,186,256,191,437,460,455,434,397,308,301,308,308,304,333,284,563,577,460,309,308,327,309,99,175,170,424,388,546,538,462,166,173,168,491,114,107,0,0,0,0,0,0,0,0,0,0,0,0]} 1. d4 d5 2. c4 e6 3. Nc3 Nf6 4. Nf3 Nbd7 5. e3 Be7 6. b3 O-O 7. Bd3 b6 8. O-O Bb7 9. Bb2 Ne4 10. Rc1 Nxc3 {E14: Queen's Indian: Classical Variation (4 e3).} 11. Bxc3 {[#]} h6 $146 ({Predecessor:} 11... Bd6 12. Bb2 dxc4 13. bxc4 Qe7 14. e4 e5 15. c5 bxc5 16. dxe5 Nxe5 17. Bxe5 Bxe5 18. Qb3 {½-½ (18) Gomez,J (2450)-Ghaem Maghami,E (2537) Makati 2018}) 12. Qe2 Bf6 13. Rfd1 dxc4 14. Bxc4 Qe7 15. e4 g6 16. Qe3 Bg7 17. d5 e5 ({Black should try} 17... exd5 $1 $14 18. Bxd5 Bxd5) 18. Qd2 Rfd8 19. Bb4 Qf6 20. Bb5 Rac8 21. Bc6 $1 {[%cal Rc6b7]} Ba6 (21... Nc5 $16) 22. Bc3 Qd6 23. Bb4 Qf6 $1 24. Qb2 Nb8 25. Re1 $1 Kh7 26. Qa3 $36 {[%mdl 2048] White has strong initiative.} Qf4 (26... Bf8 $142 27. Bxf8 Rxf8) 27. Bd2 Qg4 $2 (27... Qf6 28. Qa4 Qe7) 28. h3 $18 Qh5 29. b4 {[%cal Bb3b4,Bb4b5][%mdl 32]} f5 30. b5 Nxc6 31. bxc6 ({Not} 31. bxa6 Nb8 $14) (31. Qxa6 fxe4 32. Ng5+ (32. Rxe4 Qf5 $14) 32... hxg5 $14) 31... Bb5 32. Qb3 Ba6 33. Bc3 fxe4 $2 (33... Bd3 {was worth a try.} 34. exf5 (34. Bxe5 fxe4 35. Bxg7 Kxg7 $14) 34... gxf5 35. Bxe5 {[%mdl 64] Discovered Attack} Be4) 34. Rxe4 Bd3 35. Re3 {And now g4 would win.} e4 36. Bxg7 Kxg7 {[#]} 37. Nd4 $2 (37. Qb2+ $1 $18 {and the rest is easy.} Kg8 38. Rce1) 37... Rd6 (37... Qxd5 $16 38. Ne6+ {[%mdl 64] Double Attack} Kf6 39. Nxd8 Qxb3 40. axb3 Rxd8) 38. Ne6+ Kh7 $2 (38... Kf7 {keeps fighting.}) 39. Qc3 {[%csl Ge6][%cal Rc3g7]} Rg8 (39... Rxe6 {was called for.} 40. dxe6 Qg5) 40. Qf6 Qxd5 41. Nf8+ $2 (41. Qe7+ Kh8 42. Nxc7) 41... Rxf8 42. Qxf8 Qd4 $2 {[#]} (42... Qg8 {is tougher.} 43. Qxg8+ Kxg8) 43. Qe8 $2 (43. Rxd3 $1 $18 {[%mdl 512]} Qxd3 44. Qf7+ Kh8 45. Qxc7) 43... Qf6 $16 {Threatens to win with ...Rd8.} 44. Rd1 ({White should play} 44. Qc8 $16 Qe7 45. f3) 44... Rd8 {The position is equal.} 45. Qxd8 Qxd8 {[#]} 46. Rxe4 $1 {[%mdl 576] aiming for Re3. Pin} Qd6 (46... Bxe4 47. Rxd8) 47. Re3 Qxc6 {White must now prevent ...Be4.} 48. Re7+ Kg8 {Strongly threatening ...Qc5.} 49. Rxd3 {Rd8+ would kill now.} Qc1+ {White really could win this. Accuracy: White = 59%, Black = 45%.} 1/2-1/2